Southville International School and Colleges
Your cart is empty.
  • Cart
  • Lists
    Public lists Eva Luna New books Lux_list list_1
    Your lists Log in to create your own lists
  • Log in to your account
  • Your cookies
  • Search history
Southville International School and Colleges
  • Advanced search
  • Recent comments
  • Most popular
  • Libraries

Log in to your account

Log in with GOOGLE


If you do not have an external account, but do have a local account, you can still log in:

  1. Home
  2. MARC view: Nurse's pocket guide:
Normal view MARC view ISBD view

Nurse's pocket guide: (Record no. 20009)

[ view plain ]
MARC details
000 -LEADER
fixed length control field 00786nam a2200265 a 4500
005 - DATE AND TIME OF LATEST TRANSACTION
control field 20140310183206.0
008 - FIXED-LENGTH DATA ELEMENTS--GENERAL INFORMATION
fixed length control field 050803s19uu xx 00 eng d
020 ## - INTERNATIONAL STANDARD BOOK NUMBER
International Standard Book Number 9748279901
050 ## - LIBRARY OF CONGRESS CALL NUMBER
Classification number RT 48.6
Item number .D64 2002
100 ## - MAIN ENTRY--PERSONAL NAME
Personal name Doenges, Marilyn E.
245 ## - TITLE STATEMENT
Title Nurse's pocket guide:
Remainder of title diagnoses, interventions, and rationales.
250 ## - EDITION STATEMENT
Edition statement 8th ed.
260 ## - PUBLICATION, DISTRIBUTION, ETC. (IMPRINT)
Place of publication, distribution, etc Philadelphia :
Name of publisher, distributor, etc F.A Davis Company,
Date of publication, distribution, etc 2002.
300 ## - PHYSICAL DESCRIPTION
Extent 717 p. :
Other physical details ill. ;
Dimensions 24 cm.
521 ## - TARGET AUDIENCE NOTE
Target audience note
650 ## - SUBJECT ADDED ENTRY--TOPICAL TERM
Topical term or geographic name as entry element Nursing diagnosis
General subdivision Handbooks.
650 ## - SUBJECT ADDED ENTRY--TOPICAL TERM
Topical term or geographic name as entry element Nursing care
General subdivision classification
-- Handbooks.
650 ## - SUBJECT ADDED ENTRY--TOPICAL TERM
Topical term or geographic name as entry element Patient care planning
General subdivision Handbooks.
700 ## - ADDED ENTRY--PERSONAL NAME
Personal name Moorhouse, Mary Frances
700 ## - ADDED ENTRY--PERSONAL NAME
Personal name Murr-Geissler, Alice
942 ## - ADDED ENTRY ELEMENTS (KOHA)
Koha item type Books
Source of classification or shelving scheme Library of Congress Classification
Call number prefix Foreign
Holdings
Withdrawn status Lost status Source of classification or shelving scheme Damaged status Home library Current library Shelving location Date acquired Total Checkouts Full call number Barcode Date last seen Copy number Price effective from Koha item type
    Library of Congress Classification   College Library College Library General Circulation Section 01/13/2014   RT 48.6 .D64 2002 C1924 04/22/2017 1 01/13/2014 Books
    Library of Congress Classification   College Library College Library General Circulation Section 01/13/2014   RT 48.6 .D64 2002 C1925 05/15/2018 2 01/13/2014 Books
    Library of Congress Classification   College Library College Library General Circulation Section 01/23/2014   RT 48.6 .D64 2008 C15126 05/15/2018 1 01/23/2014 Books

Nurse's pocket guide:

APA

Doenges M. E., Moorhouse M. F. & Murr-Geissler A. (2002). Nurse's pocket guide. Philadelphia: F.A Davis Company.

Chicago

Doenges Marilyn E, Moorhouse Mary Frances and Murr-Geissler Alice. 2002. Nurse's pocket guide. Philadelphia: F.A Davis Company.

Harvard

Doenges M. E., Moorhouse M. F. and Murr-Geissler A. (2002). Nurse's pocket guide. Philadelphia: F.A Davis Company.

MLA

Doenges Marilyn E, Moorhouse Mary Frances and Murr-Geissler Alice. Nurse's pocket guide. Philadelphia: F.A Davis Company. 2002.

  • Place hold
  • Print
  • Cite
  • Add to your cart (remove)
  • Save record
    BIBTEX Dublin Core MARCXML MARC (non-Unicode/MARC-8) MARC (Unicode/UTF-8) MARC (Unicode/UTF-8, Standard) MODS (XML) RIS
  • More searches
    Search for this title in:
    Other Libraries (WorldCat) Other Databases (Google Scholar) Online Stores (Bookfinder.com) Open Library (openlibrary.org)

Exporting to Dublin Core...

SOUTHVILLE LIBRARY

Southville International School and Colleges Library

1281 Tropical Ave. Cor. Luxembourg St., BF Homes International, Las Pinas City

Tel. No. 8256374 / 252358 Loc. 117/146

Powered by Koha